----vuoto---- (Record n. 360197)

Dettagli MARC
000 -LEADER
campo di controllo lung. fissa 01810nam a22002177a 4500
003 - Identificatore del numero di controllo
campo di controllo IT-MiCISF
005 - Data e orario dell'ultima transazione
campo di controllo 20240716121433.0
008 - Elementi di lunghezza fissa--Informazione generale
campo di controllo lung. fissa 240716b |||||||| |||| 00| 0 eng d
020 ## - ISBN (International Standard Book Number)
ISBN (International Standard Book Number) 9788829017201
040 ## - Fonte della catalogazione
Agenzia che fa la trascrizione IT-MiCISF
041 ## - Codice di lingua
Codice di lingua del testo/traccia sonora o titolo separato it
100 ## - Accesso principale -- nome di persona
Nome di persona Giancola Orazio, Salmieri Luca
9 (RLIN) 60890
245 ## - Formulazione del titolo
Titolo ----vuoto----
Complemento del titolo ----vuoto----
260 ## - Pubblicazione, distribuzione, ecc. (stampa)
Luogo di pubblicazione, distribuzione, ecc. Roma,
Nome dell'editore, distributore, ecc. Carocci,
Data di pubblicazione, distribuzione, ecc. 2023
300 ## - Descrizione fisica
Estensione pp. 231
500 ## - Nota generale
Nota generale scuola, stratificazione-sociale, famiglia, reddito, statistica
520 ## - Riassunto, ecc.
Nota di riassunto, ecc. Dibattito pubblico e senso comune associano erroneamente la povertà educativa ai soli paesi in via di sviluppo, mentre è invece molto diffusa anche in un paese avanzato come l’Italia, dove si riproduce per via intergenerazionale, colpisce persino i diplomati e include una quota consistente di adulti. Nel nostro paese molti hanno smesso di “imparare a imparare” e hanno sovente dimenticato ciò che hanno appreso a scuola. Mentre la politica si limita a fare della scuola il capro espiatorio, nessuno si preoccupa di comprendere come in realtà sia il contesto culturale extrascolastico ad alimentare il fenomeno. Il volume, che raccoglie e integra ricerche empiriche sulle competenze di base non solo degli studenti ma dell’intera popolazione italiana, spiega che cos’è la povertà educativa, come se ne misurano l’intensità e la diffusione, quali fattori ne influenzano la riproduzione, dove si nascondono le sue molteplici cause e in quali ambiti se ne osservano gli effetti più sfavorevoli. Ne emerge un panorama allarmante, a fronte del quale i decisori politici dovrebbero reagire con interventi di ampio respiro, di lungo periodo e rivolti alla fetta più ampia possibile della popolazione.
650 ## - Accesso aggiunto di soggetto--termine topico
Termine topico o nome geografico come accesso Scuola
654 ## - Accesso aggiunto di soggetto--termini topici faccettati
Termine principale saggio
942 ## - Dati aggiuntivi (Koha)
Fonte della classificazione o dello schema di collocazione (segnatura) Dewey Decimal Classification
Tipo copia default (Koha) LIBRO

Nessuna copia disponibile.

CREDITS: SOCIETA' SAN PAOLO Via A.Severo, 58 - ROMA (RM) & PERIODICI SAN PAOLO SRL Via Giotto, 36 MILANO & CISF Via Giotto, 36 MILANO & EDIZIONI SAN PAOLO SRL,  Piazza Soncino, 5 CINISELLO BALSAMO (MI) -- ITALY